000 00583nam a2200157Ia 4500
008 090711s9999 xx 000 0 und d
082 _b56257
100 _aगाला ध. रा.
245 _aनिरोगी राहण्याSाी गुरुकिल्ली
300 _a86
600 _aगाला ध. रा.
630 _aनिरोगी राहण्याSाी गुरुकिल्ली
700 _aगाला ध. रा.
730 _aनिरोगी राहण्याSाी गुरुकिल्ली
942 _cBOOK
999 _c309222
_d309222